000 00629nam a22002057a 4500
005 20141028105738.0
010 _aENG-111059
020 _c175.00
_a9789383420315
035 _aEN-94591
037 _bDBAD/PUB
082 _a514.325
100 _aMukherjee, Manabendra Nath
245 _aElements of metric spaces /
_cby Manabendra Nath Mukherjee
250 _a4th ed
260 _aKolkata
_bAcademic Publishers
_c2014
270 _bKolkata
_e700073
_a5A, Bhawani Dutta Lane
300 _aviii,220p.
_c24cm(pbk)
500 _aIncludes bibliographical references and index
942 _2ddc
_cEN
_mMUK
_h514.325
999 _c89611
_d89611